00316pab a2200121 454500008004000000100001900040245006800059260000900127300001300136362001100149650001400160773002000174180718b2017 xxu||||| |||| 00| 0 eng d aMahanta, Bobby aInclusive education: developmental process for positive outcome c2017 ap.25-29. a18 Sep aEducation aUniversity News